000
00361nam a2200133Ia 4500
008
230411s9999 xx 000 0 und d
041
_a
eng
082
_a
CH/610.7343/COR/B07079
100
_a
Correia Cecy
245
_a
Community Health Nursing Part1 and 2
260
_b
Vora Medical Publications
_a
Mumbai
_c
2010
300
_a
366p
999
_c
157269
_d
157269